पवित्र पापी / (Record no. 116934)
[ view plain ]
| 000 -LEADER | |
|---|---|
| fixed length control field | 01051nam a22002657a 4500 |
| 005 - DATE AND TIME OF LATEST TRANSACTION | |
| control field | 20170124103046.0 |
| 010 ## - LIBRARY OF CONGRESS CONTROL NUMBER | |
| LC control number | B-119781 |
| 020 ## - INTERNATIONAL STANDARD BOOK NUMBER | |
| Terms of availability | 150.00 |
| 035 ## - SYSTEM CONTROL NUMBER | |
| System control number | B-119781 |
| 037 ## - SOURCE OF ACQUISITION | |
| Source of stock number/acquisition | Cen Lib/Ret |
| 040 ## - CATALOGING SOURCE | |
| Original cataloging agency | DPL |
| Language of cataloging | HN |
| 082 ## - DEWEY DECIMAL CLASSIFICATION NUMBER | |
| Classification number | उ |
| Item number | नानक |
| 100 ## - MAIN ENTRY--PERSONAL NAME | |
| Personal name | नानक सिंह |
| 9 (RLIN) | 69104 |
| 245 ## - TITLE STATEMENT | |
| Title | पवित्र पापी / |
| Statement of responsibility, etc | नानक सिंह; अनुवादक नीलम शर्मा |
| 246 ## - VARYING FORM OF TITLE | |
| Title proper/short title | Pavitr papi / |
| Remainder of title | by Nanak Singh; anuvadak Neelam Sharma |
| 260 ## - PUBLICATION, DISTRIBUTION, ETC. (IMPRINT) | |
| Place of publication, distribution, etc | अमृतसर |
| Name of publisher, distributor, etc | लोक साहित्य प्रकाशन |
| Date of publication, distribution, etc | 2003 |
| 270 ## - ADDRESS | |
| Address | 186, ग्रेन ऐवेन्यू |
| City | पंजाब |
| 300 ## - PHYSICAL DESCRIPTION | |
| Extent | 144पृ. |
| Dimensions | 18सेमी(सजिल्द) |
| 650 ## - SUBJECT ADDED ENTRY--TOPICAL TERM | |
| Topical term or geographic name as entry element | हिन्दी साहित्य |
| 9 (RLIN) | 69105 |
| 650 ## - SUBJECT ADDED ENTRY--TOPICAL TERM | |
| Topical term or geographic name as entry element | हिन्दी -- उपन्यास |
| 9 (RLIN) | 69106 |
| 650 ## - SUBJECT ADDED ENTRY--TOPICAL TERM | |
| Topical term or geographic name as entry element | Hindi literature |
| 9 (RLIN) | 69107 |
| 650 ## - SUBJECT ADDED ENTRY--TOPICAL TERM | |
| Topical term or geographic name as entry element | Hindi -- Fiction |
| 9 (RLIN) | 27248 |
| 700 ## - ADDED ENTRY--PERSONAL NAME | |
| Personal name | शर्मा, नीलम |
| 9 (RLIN) | 69108 |
| 942 ## - ADDED ENTRY ELEMENTS (KOHA) | |
| Source of classification or shelving scheme | Dewey Decimal Classification |
| Koha item type | Hindi Books |
| Classification part | उ |
| Call number suffix | नानक |
| Withdrawn status | Lost status | Damaged status | Not for loan | Home library | Current library | Date acquired | Source of acquisition | Cost, normal purchase price | Total Checkouts | Full call number | Barcode | Date last seen | Date checked out | Copy number | Cost, replacement price | Price effective from | Koha item type |
|---|---|---|---|---|---|---|---|---|---|---|---|---|---|---|---|---|---|
| Central Library | Central Library | 26/08/2015 | Cen Lib/Ret | 150.00 | 1 | उ नानक | B-119781 | 05/04/2025 | 08/03/2025 | 2 | 150.00 | 26/08/2015 | Hindi Books |
